00928nam a2200169Ia 4500008004100000020001800041050002000059100002500079245010600104250001100210260003500221300003400256500008900290505027200379650006900651700003800720121028s9999 xx 000 0 und d a970-26-0695-0 aQC21.2 G53 2006 aGIANCOLI, Douglas C. aFísica : principios con aplicaciones / Douglas C. Giancoli ; traducción: Víctor Campos Olguín a6a ed. aMéxico : Pearson Educación a1 v. con paginación variada aIncluye índices Título original: Physics : principles with applications, 6th ed. aPrefacio 1. Introducción, medición, estimación 2. Descripción del movimiento: cinemática en una dimensión 3. Cinemática en dos dimensiones; vectores 4. Dinámica : leyes del movimiento de Newton 5. Movimiento circular y gravitación 6. Trabajo y energ aFísica - Estudio y enseñanza \ 2. Física - Libros de texto aCampos Olguín, Víctor, tr.Ì